000 01063cam a22002894a 4500
001 12201517
003 OSt
005 20141028153740.0
008 001013s2001 paua 001 0 eng
010 _a 00109966
020 _a1566768993
040 _aDLC
_cDLC
_dDLC
042 _apcc
050 0 0 _aRM301.5
_b.S36 2001
082 0 0 _aQV 38 S63p 2001
_221
100 1 _aSchoenwald, Ronald D.
_91608
245 1 0 _aPharmacokinetic principles of dosing adjustments :
_bunderstanding the basics /
_cRonald D. Schoenwald.
260 _aLancaster, Pa. :
_bTechnomic Pub.,
_cc2001.
300 _axii, 258 p. :
_bill. ;
_c23 cm.
500 _aIncludes index.
650 0 _aPharmacokinetics.
_91609
650 0 _aDrugs
_xDosage.
_91610
856 4 2 _3Publisher description
_uhttp://www.loc.gov/catdir/enhancements/fy0646/00109966-d.html
906 _a7
_bcbc
_corignew
_d2
_eepcn
_f20
_gy-gencatlg
942 _2z
_cSLOAN
999 _c617
_d617